00403 2200157 4500001002100000005001500021035002000036245007600056100001700132300001200149260002800161082000800189084001400197020002200211990001200233INLIS00000000000168820250429014701 a0010-04250001041 aThe Way Of Karate-Do :b20 Sikap Mental Karateka Sejati /cIvan Yulivan0 aIvan Yulivan a108 hlm aJakarta :bMudra,c2012 a700 a700 IVA t a978-602-97248-3-7 a0754655